书目信息 |
| 题名: |
拓扑群引论
|
|
| 作者: | 黎景辉 , 冯绪宁 著 | |
| 分册: | ||
| 出版信息: | 北京 科学出版社 1991.03 |
|
| 页数: | 206页 | |
| 开本: | 20cm | |
| 丛书名: | 现代数学基础丛书 | |
| 单 册: | ||
| 中图分类: | O152.4 | |
| 科图分类: | ||
| 主题词: | 代数 , 数论 , 组合数学 | |
| 电子资源: | ||
| ISBN: | 7-03-002071-5 | |
| 000 | 00658nam0 2200253 45 | |
| 001 | 0010100864 | |
| 005 | 20040517082910.3 | |
| 010 | @a7-03-002071-5@dCNY12.00 | |
| 100 | @a20001010d1991 km y0chiy0120 ea | |
| 101 | 0 | @achi |
| 105 | @a z 000yy | |
| 200 | 1 | @a拓扑群引论@f黎景辉,冯绪宁著@FLi Jing Hui,Feng Xu Ning Zhu |
| 210 | @a北京@c科学出版社@d1991.03 | |
| 215 | @a206页@d20cm | |
| 225 | @a现代数学基础丛书 | |
| 410 | @12001 @a现代数学基础丛书 | |
| 606 | 0 | @a代数 |
| 606 | 0 | @a数论 |
| 606 | 0 | @a组合数学 |
| 690 | @aO152.4@v3 | |
| 701 | 0 | @a黎景辉@4著 |
| 701 | 0 | @a冯绪宁@4著 |
| 801 | @aCN@bTSTC@c20001010 | |
| 905 | @dO152.4@e17@f1@b291593 | |
| 拓扑群引论/黎景辉,冯绪宁著.-北京:科学出版社,1991.03 |
| 206页;20cm.-(现代数学基础丛书) |
| ISBN 7-03-002071-5:CNY12.00 |
| ● |
| 相关链接 |
|
|
|
|
正题名:拓扑群引论
索取号:O152.4/17
 
预约/预借
| 序号 | 登录号 | 条形码 | 馆藏地/架位号 | 状态 | 备注 |
| 1 | 0291590 | 002915901 | 第三借阅区/ [索取号:O152.4/17] | 在馆 | |
| 2 | 0291591 | 002915910 | 第三借阅区/ [索取号:O152.4/17] | 在馆 | |
| 3 | 0291592 | 002915929 | 第三借阅区/ [索取号:O152.4/17] | 在馆 | |
| 4 | 0291593 | 002915938 | 第三借阅区/ [索取号:O152.4/17] | 在馆 | |
| 5 | 0291594 | 002915947 | 第二样本阅览室/ [索取号:O152.4/17] | 在馆 |